[Event "16. Sparkassen Open 2017 - Gruppe C"]
[Site "Forchheim"]
[Date "2017.09.30"]
[Round "3.12"]
[White "Stark, Amalia"]
[Black "Pfann, Elias"]
[Result "0-1"]
[WhiteElo "1324"]
[BlackElo "1484"]
[PlyCount "112"]
[EventDate "2017.??.??"]
[WhiteTeam "SK Rothenburg"]
[BlackTeam "SC Höchstadt/Aisch"]

1. e4 e5 2. Nf3 Nc6 3. d4 exd4 4. Nxd4 Bc5 5. Nxc6 bxc6 6. Bc4 Qf6 7. Qe2 d6 8.
Nc3 Ne7 9. Bd2 O-O 10. f3 Bb7 11. O-O-O d5 12. Bb3 d4 13. Na4 Bb6 14. Nxb6 cxb6
15. h4 a5 16. Bg5 Qe5 17. Bxe7 Qxe7 18. Rxd4 c5 19. Rdd1 Ba6 20. Qd2 c4 21. Ba4
b5 22. Qxa5 bxa4 23. Qxa4 Rfb8 24. Qd7 Qe5 25. Qd4 Qf4+ 26. Qd2 Qc7 27. Qd7 Qb6
28. Qd4 Qa5 29. a3 Rb7 30. Qd5 Qb6 31. Qd4 Rab8 32. b4 cxb3 33. Qxb6 Rxb6 34.
cxb3 Rxb3 35. Kc2 Rxa3 36. Rd6 h6 37. Rhd1 Ra2+ 38. Kc3 Rbb2 39. Rd8+ Kh7 40.
g4 Rf2 41. Kb3 Rae2 42. g5 Rxf3+ 43. Kb4 Rxe4+ 44. R8d4 Rff4 45. Rxe4 Rxe4+ 46.
Kc5 Rxh4 47. gxh6 Rxh6 48. Ra1 g5 49. Rf1 Bxf1 50. Kd5 g4 51. Ke5 g3 52. Kf4 g2
53. Kf3 g1=Q 54. Kf4 Rh4+ 55. Kf3 Qg2+ 56. Ke3 Qe2# 0-1

[Event "16. Sparkassen Open 2017 - Gruppe C"]
[Site "Forchheim"]
[Date "2017.09.30"]
[Round "3.13"]
[White "Kodalle, Dominik"]
[Black "Walter, Stefanie"]
[Result "1-0"]
[WhiteElo "1480"]
[BlackElo "1325"]
[PlyCount "47"]
[EventDate "2017.??.??"]
[WhiteTeam "Aschaffenburg-Schweinheim"]
[BlackTeam "SV Lauf"]

1. c4 c5 2. Nc3 Nc6 3. g3 g6 4. Bg2 Bg7 5. e3 d6 6. Nge2 Nf6 7. O-O Be6 8. b3
O-O 9. Rb1 a6 10. d4 d5 11. dxc5 Bf5 12. Ra1 Ne4 13. Bd2 d4 14. Nxe4 dxe3 15.
Bc3 exf2+ 16. Rxf2 Bh6 17. Nd4 Be3 18. Nxf5 gxf5 19. Qh5 f6 20. Qxf5 Qd3 21.
Nxf6+ Rxf6 22. Qxd3 Rxf2 23. Bd5+ Kf8 24. Qxe3 1-0

[Event "16. Sparkassen Open 2017 - Gruppe C"]
[Site "Forchheim"]
[Date "2017.09.30"]
[Round "3.14"]
[White "Schell, Hubert"]
[Black "Schmiedt, Alexander"]
[Result "1-0"]
[WhiteElo "1440"]
[BlackElo "1292"]
[PlyCount "113"]
[EventDate "2017.??.??"]
[WhiteTeam "SC-SF Stockstadt"]
[BlackTeam "SK Rothenburg"]

1. c4 b6 2. Nc3 Bb7 3. Nf3 e6 4. e4 Bb4 5. d3 Bxc3+ 6. bxc3 h6 7. Ba3 c5 8. Rb1
Qc7 9. g3 d5 10. cxd5 exd5 11. exd5 Qe7+ 12. Qe2 Qxe2+ 13. Kxe2 Bxd5 14. c4 Bc6
15. Rg1 Nd7 16. Bb2 f6 17. Nh4 O-O-O 18. Bh3 Re8+ 19. Kd2 Kc7 20. Rbe1 Rxe1 21.
Rxe1 g5 22. Ng6 Rh7 23. Bf5 Rg7 24. Bxd7 Bxd7 25. Nf8 Rf7 26. Nxd7 Kxd7 27. Re3
f5 28. Re5 Ne7 29. f4 g4 30. d4 cxd4 31. Ba3 Nc6 32. Rd5+ Ke8 33. Rd6 Rc7 34.
Rxh6 Na5 35. Rh8+ Kd7 36. Rh7+ Kc8 37. Rxc7+ Kxc7 38. Kd3 Nc6 39. Bb2 Kd6 40.
a4 Kc5 41. Ba3+ Nb4+ 42. Bxb4+ Kxb4 43. Kxd4 Kxa4 44. Ke5 Kb3 45. Kxf5 a5 46.
Kg6 a4 47. f5 a3 48. f6 a2 49. f7 a1=Q 50. f8=Q Qc3 51. Qf4 Qxc4 52. Qe3+ Qc3
53. Qxb6+ Kc2 54. Qf2+ Kd1 55. Kg5 Qf3 56. Qd4+ Ke2 57. Qxg4 1-0

[Event "16. Sparkassen Open 2017 - Gruppe C"]
[Site "Forchheim"]
[Date "2017.09.30"]
[Round "3.15"]
[White "Held, Werner"]
[Black "Gehrke, Jakob"]
[Result "0-1"]
[WhiteElo "1071"]
[BlackElo "1349"]
[PlyCount "86"]
[EventDate "2017.??.??"]
[WhiteTeam "Zabo-Eintracht Nürnberg"]
[BlackTeam "TV Tegernsee"]

1. e4 e5 2. Nf3 Nc6 3. Bb5 Bc5 4. d3 d6 5. c3 Nf6 6. a4 O-O 7. b4 Nxb4 8. cxb4
Bxb4+ 9. Bd2 Bc5 10. h3 c6 11. Bc4 Qc7 12. Bg5 Bb4+ 13. Nbd2 Rd8 14. O-O d5 15.
exd5 cxd5 16. Bxf6 gxf6 17. Rb1 Bxd2 18. Ba2 Bh6 19. Nh4 Be6 20. Qf3 Bg7 21.
Nf5 Bxf5 22. Qxf5 b6 23. Rb4 Qd7 24. Qh5 d4 25. Re1 f5 26. Rb5 Re8 27. g4 fxg4
28. hxg4 Re7 29. Qg5 h6 30. Qf5 Qxf5 31. gxf5 Rae8 32. Re4 Kh7 33. Rd5 Rg8 34.
Rg4 h5 35. Rg2 Bh6 36. Rxg8 Kxg8 37. Kg2 Bg7 38. Kh3 e4 39. dxe4 Rxe4 40. f3
Re3 41. Kg2 Re2+ 42. Kg3 Rxa2 43. Rxd4 Bxd4 0-1

[Event "16. Sparkassen Open 2017 - Gruppe C"]
[Site "Forchheim"]
[Date "2017.09.30"]
[Round "3.16"]
[White "Rodriguez Leged, Edgar Rafael"]
[Black "Keck, Johannes"]
[Result "1-0"]
[WhiteElo "1345"]
[BlackElo "1083"]
[PlyCount "87"]
[EventDate "2017.??.??"]
[WhiteTeam "SG Siemens Erlangen"]
[BlackTeam "SV Lauf"]

1. d4 d5 2. Nc3 Nf6 3. Nf3 Nc6 4. Bf4 Bf5 5. a3 e6 6. Nh4 Bg6 7. Nxg6 hxg6 8.
Nb5 Bd6 9. Nxd6+ cxd6 10. c3 e5 11. dxe5 dxe5 12. Bg5 Rh5 13. Bxf6 gxf6 14. Qb3
Rb8 15. O-O-O d4 16. e3 Qb6 17. Qxb6 axb6 18. exd4 exd4 19. cxd4 Rd8 20. Be2
Rhd5 21. Bf3 Rxd4 22. Rxd4 Rxd4 23. Rd1 Rxd1+ 24. Kxd1 Kd7 25. Kd2 Kd6 26. Ke3
Kc5 27. b4+ Kb5 28. Bd1 Ne5 29. a4+ Kc6 30. h3 b5 31. axb5+ Kxb5 32. f4 Nc6 33.
Be2+ Ka4 34. b5 g5 35. bxc6 bxc6 36. fxg5 fxg5 37. Kd4 Ka3 38. Kc5 Kb3 39. Kxc6
Kc2 40. Kd5 Kd2 41. Bf3 Ke3 42. Ke5 f6+ 43. Kxf6 Kf4 44. Bg4 1-0

[Event "16. Sparkassen Open 2017 - Gruppe C"]
[Site "Forchheim"]
[Date "2017.09.30"]
[Round "3.17"]
[White "Erdösi, Anna"]
[Black "Heger, Heinz"]
[Result "1-0"]
[WhiteElo "1325"]
[BlackElo "1135"]
[PlyCount "38"]
[EventDate "2017.??.??"]
[WhiteTeam "TV Tegernsee"]
[BlackTeam "SC Forchheim"]

1. e4 Nc6 2. Nf3 d6 3. d4 e6 4. Nc3 Nf6 5. Bd3 Nb4 6. Bb5+ c6 7. Ba4 b5 8. Bb3
a5 9. a3 Na6 10. Bg5 h6 11. Bxf6 Qxf6 12. e5 Qg6 13. O-O a4 14. Ba2 Be7 15. Re1
d5 16. b4 axb3 17. cxb3 Nc7 18. b4 Ra6 19. Bb1 f5 {Rest unklar} 1-0

[Event "16. Sparkassen Open 2017 - Gruppe C"]
[Site "Forchheim"]
[Date "2017.09.30"]
[Round "3.19"]
[White "Huber, Dominik"]
[Black "Schwitulla, Jochen"]
[Result "0-1"]
[WhiteElo "1567"]
[BlackElo "1075"]
[PlyCount "103"]
[EventDate "2017.??.??"]
[WhiteTeam "SC Noris-Tarrasch Nürnberg"]
[BlackTeam "Aschaffenburg-Schweinheim"]

1. d4 d5 2. Bf4 Bf5 3. e3 e6 4. Nf3 Bd6 5. Be5 Bxe5 6. Nxe5 Nf6 7. Nd2 O-O 8.
c4 c6 9. Be2 Nbd7 10. Ndf3 Nxe5 11. Nxe5 Ne4 12. O-O Qb6 13. Nd7 Qxb2 14. Nxf8
Rxf8 15. Bg4 Nc3 16. Qf3 Bd3 17. Rfe1 Bb1 18. Raxb1 Nxb1 19. Qe2 Qxe2 20. Bxe2
Nc3 21. cxd5 cxd5 22. a3 b5 23. Bd3 a5 24. Kf1 b4 25. axb4 axb4 26. Rc1 g6 27.
Rc2 Ra8 28. Rc1 Kg7 29. Ke1 h5 30. Kd2 Ra2+ 31. Rc2 Ra3 32. Rb2 Ne4+ 33. Ke2 b3
34. f3 Nd6 35. e4 dxe4 36. fxe4 Nb7 37. Kd2 Na5 38. Kc3 Ra1 39. Kb4 Kf6 40. Bb5
Ra2 41. Re2 b2 42. Bd3 b1=Q+ 43. Bxb1 Rxe2 44. Kxa5 Rxg2 45. Kb5 Ke7 46. Kc5
Kd8 47. h3 Rh2 48. Kd6 Rxh3 49. Ba2 Rd3 50. d5 exd5 51. Bxd5 Rxd5+ 52. exd5 0-1

[Event "16. Sparkassen Open 2017 - Gruppe C"]
[Site "Forchheim"]
[Date "2017.09.30"]
[Round "3.21"]
[White "Sargsyan, Arusyak"]
[Black "Hoffmann, Steffen"]
[Result "1/2-1/2"]
[WhiteElo "1006"]
[BlackElo "1445"]
[PlyCount "47"]
[EventDate "2017.??.??"]
[WhiteTeam "SW Nürnberg Süd"]
[BlackTeam "SC Noris-Tarrasch Nürnberg"]

1. e4 d5 2. exd5 Qxd5 3. Nc3 Qd8 4. Nf3 Nf6 5. Bc4 Bg4 6. h3 Bh5 7. d3 e6 8.
Bf4 Nc6 9. Nb5 Bd6 10. Nxd6+ cxd6 11. c3 O-O 12. Qe2 Qe7 13. Qe3 d5 14. Bb3 Kh8
15. Bg5 Bxf3 16. Qxf3 Ne5 17. Qe3 Ned7 18. Ba4 Rfd8 19. Bxd7 Rxd7 20. Qf3 Rc8
21. h4 d4 22. c4 Qb4+ 23. Bd2 Qd6 24. O-O 1/2-1/2

[Event "16. Sparkassen Open 2017 - Gruppe C"]
[Site "Forchheim"]
[Date "2017.09.30"]
[Round "3.22"]
[White "Awiszus, Thomas"]
[Black "Adelhardt, Lisa"]
[Result "1/2-1/2"]
[WhiteElo "1605"]
[BlackElo "1289"]
[PlyCount "32"]
[EventDate "2017.??.??"]
[WhiteTeam "SK Schmiden/Cannstatt"]
[BlackTeam "Schachtreff Röttenbach"]

1. d4 e6 2. g3 b6 3. Bg2 Nc6 4. c4 Bb7 5. Nf3 Bb4+ 6. Nc3 Bxc3+ 7. bxc3 Nf6 8.
Qc2 d6 9. O-O Na5 10. Qa4+ Qd7 11. Qb4 c5 12. Qb1 Nxc4 13. Rd1 Be4 14. Qb3 Na5
15. Qb2 Nc4 16. Qb3 Na5 1/2-1/2

[Event "16. Sparkassen Open 2017 - Gruppe C"]
[Site "Forchheim"]
[Date "2017.09.30"]
[Round "3.23"]
[White "Aigner, Patrick"]
[Black "Plinz, Tim"]
[Result "1-0"]
[WhiteElo "1371"]
[BlackElo "1401"]
[PlyCount "61"]
[EventDate "2017.??.??"]
[WhiteTeam "Coburger SV"]
[BlackTeam "SK Schwanstetten"]

1. d4 d5 2. Bf4 Nf6 3. e3 Bf5 4. Nd2 e6 5. h3 Bd6 6. Be5 Nc6 7. Ngf3 Bxe5 8.
dxe5 Nd7 9. Bb5 Ndb8 10. h4 a6 11. Ba4 b5 12. Bb3 Nd7 13. Nd4 Ndxe5 14. Nxf5
exf5 15. Qh5 g6 16. Qe2 O-O 17. Nf3 Qd6 18. O-O-O Ne7 19. h5 c6 20. hxg6 fxg6
21. Ng5 h5 22. Rh3 Qf6 23. Nf3 Nc8 24. Rdh1 Nd6 25. Nxe5 Qxe5 26. Rg3 Rf6 27.
Rxh5 Kf7 28. Rxf5 Ke6 29. c3 Ne4 30. Rh3 Ng5 31. f4 1-0

[Event "16. Sparkassen Open 2017 - Gruppe C"]
[Site "Forchheim"]
[Date "2017.09.30"]
[Round "3.24"]
[White "Antonava, Sviatlana"]
[Black "Schad, Gerhard"]
[Result "0-1"]
[WhiteElo "1199"]
[BlackElo "1683"]
[PlyCount "86"]
[EventDate "2017.??.??"]
[WhiteTeam "SK Ladenburg"]
[BlackTeam "SV Neustadt/Aisch"]

1. b3 c6 2. Bb2 d5 3. e3 Nf6 4. Be2 Bf5 5. Nf3 Nbd7 6. d3 e6 7. Nbd2 Qc7 8. c4
Nc5 9. d4 Nd3+ 10. Bxd3 Bxd3 11. Ne5 Bf5 12. c5 Be7 13. b4 O-O 14. a3 Rab8 15.
O-O b6 16. Re1 bxc5 17. dxc5 Ne4 18. Nxe4 Bxe4 19. Qa4 Rfc8 20. Ng4 Bxc5 21.
Bxg7 Kxg7 22. bxc5 f5 23. f3 fxg4 24. fxe4 Kf7 25. exd5 cxd5 26. Rf1+ Ke7 27.
Qxg4 Rg8 28. Qh4+ Ke8 29. Qh5+ Rg6 30. Rf6 Qg7 31. Rxe6+ Kd7 32. Rxg6 Qxa1+ 33.
Kf2 Rf8+ 34. Kg3 Qe1+ 35. Kh3 hxg6 36. Qxd5+ Ke7 37. Qd6+ Kf7 38. Qd5+ Kg7 39.
Qe5+ Kh6 40. Qe7 Rf5 41. g4 Qf1+ 42. Kh4 Qf2+ 43. Kh3 Rf3# 0-1

[Event "16. Sparkassen Open 2017 - Gruppe C"]
[Site "Forchheim"]
[Date "2017.09.30"]
[Round "3.25"]
[White "Albayrak, Nese Pinar"]
[Black "Haller, Inna"]
[Result "1-0"]
[WhiteElo "1351"]
[BlackElo "946"]
[PlyCount "25"]
[EventDate "2017.??.??"]
[WhiteTeam "Zabo-Eintracht Nürnberg"]
[BlackTeam "Aschaffenburg-Schweinheim"]

1. e4 e5 2. Nf3 Nc6 3. Bc4 h6 4. Nc3 d6 5. h3 Be7 6. O-O f5 7. d4 Bf6 8. Bb5
Bd7 9. Bc4 f4 10. Nxe5 dxe5 11. Qh5+ Ke7 12. Qf7+ Kd6 13. Qd5+ 1-0

[Event "16. Sparkassen Open 2017 - Gruppe C"]
[Site "Forchheim"]
[Date "2017.09.30"]
[Round "3.26"]
[White "Thiele, Robert"]
[Black "Seuberth, Ludwig"]
[Result "1-0"]
[WhiteElo "1078"]
[BlackElo "1693"]
[PlyCount "49"]
[EventDate "2017.??.??"]
[WhiteTeam "SC Forchheim"]
[BlackTeam "SC Forchheim"]

1. e4 b6 2. Nf3 d6 3. Bc4 e5 4. d3 Be7 5. Nbd2 Nf6 6. Nf1 O-O 7. Ng3 h6 8. O-O
Nh7 9. a3 Bg4 10. h3 Bd7 11. b4 b5 12. Bb3 Bc6 13. Re1 Nd7 14. Nf5 Kh8 15. c4
Ndf6 16. Nxe7 Qxe7 17. cxb5 Bxb5 18. Bb2 Bd7 19. Nh4 g6 20. Qf3 Ng5 21. Qg3 Nh5
22. Qe3 Nf4 23. Kh2 Ngxh3 24. g3 Kg7 25. Ng2 1-0

[Event "16. Sparkassen Open 2017 - Gruppe C"]
[Site "Forchheim"]
[Date "2017.09.30"]
[Round "3.27"]
[White "Walter, Gabriele"]
[Black "Focsa Lutz, Tudor"]
[Result "1-0"]
[WhiteElo "1590"]
[BlackElo "1064"]
[PlyCount "101"]
[EventDate "2017.??.??"]
[WhiteTeam "SV Lauf"]
[BlackTeam "SV Seubelsdorf"]

1. c4 d5 2. g3 Nf6 3. Bg2 c6 4. b3 Bf5 5. Nf3 Qc7 6. O-O Nbd7 7. d3 e6 8. Bb2
Bd6 9. Re1 O-O-O 10. e4 dxe4 11. dxe4 Bxe4 12. Nbd2 Bf5 13. Ng5 Nc5 14. Bxf6
gxf6 15. Nge4 Nd3 16. Nxd6+ Rxd6 17. Re3 Nb4 18. Be4 Bxe4 19. Rxe4 Rd3 20. a3
Na6 21. Qc2 Nc5 22. Re2 Rd6 23. Qc3 e5 24. Qe3 Ne6 25. Ne4 Rd4 26. Nxf6 Qd8 27.
Ne4 Rd1+ 28. Rxd1 Qxd1+ 29. Re1 Qd4 30. Qxd4 exd4 31. Nd6+ Kd7 32. Nxf7 Rf8 33.
Ne5+ Kc7 34. Kf1 Rd8 35. Nd3 Ng5 36. Re7+ Kb8 37. h4 Nf3 38. Ke2 Ng1+ 39. Kd1
b6 40. f4 Rg8 41. Rd7 c5 42. Nxc5 Kc8 43. Rxd4 Rxg3 44. Ne6 Rg8 45. f5 Nf3 46.
Rf4 Rg1+ 47. Ke2 Nh2 48. f6 Rg2+ 49. Ke3 Ng4+ 50. Kf3 Rf2+ 51. Kxg4 1-0

[Event "16. Sparkassen Open 2017 - Gruppe C"]
[Site "Forchheim"]
[Date "2017.09.30"]
[Round "3.28"]
[White "Heimann, Jonas"]
[Black "Dresel, Martin"]
[Result "0-1"]
[WhiteElo "1062"]
[BlackElo "1640"]
[PlyCount "102"]
[EventDate "2017.??.??"]
[WhiteTeam "SC Forchheim"]
[BlackTeam "SC Erlangen"]

1. e4 c6 2. Nf3 d5 3. exd5 cxd5 4. d4 Bg4 5. Be2 Nc6 6. c3 a6 7. O-O e6 8. h3
Bh5 9. Bf4 Bd6 10. Ne5 Bxe2 11. Qxe2 Qc7 12. Nd2 Nf6 13. c4 Nxd4 14. Qd3 Bxe5
15. Bxe5 Qxe5 16. Rae1 Qd6 17. Qxd4 O-O 18. c5 Qc7 19. Nf3 Ne4 20. Qe3 Qxc5 21.
Nd4 Qb4 22. Re2 Rac8 23. a3 Qa4 24. Rc1 Rxc1+ 25. Qxc1 Qxd4 26. Rc2 h6 27. Qf4
Qb6 28. Rc7 Qxb2 29. Kh2 Qxf2 30. Qe5 Qa7 31. Rd7 Qa8 32. Qf4 Nf6 33. Rc7 Qb8
34. Kh1 Ne8 35. Rxf7 Qxf4 36. Rxf4 Rxf4 37. g3 Rf3 38. Kg2 Rxa3 39. h4 Nf6 40.
Kh3 Ne4 41. Kg4 Rxg3+ 42. Kf4 Rc3 43. Ke5 Kf7 44. Kf4 a5 45. h5 a4 46. Ke5 a3
47. Kf4 a2 48. Ke5 a1=Q 49. Kf4 Qf1+ 50. Ke5 Qf5+ 51. Kd4 Qf6# 0-1

[Event "16. Sparkassen Open 2017 - Gruppe C"]
[Site "Forchheim"]
[Date "2017.09.30"]
[Round "3.29"]
[White "Albayrak, Melissa"]
[Black "Meusel, Johannes"]
[Result "0-1"]
[WhiteElo "835"]
[BlackElo "1332"]
[PlyCount "80"]
[EventDate "2017.??.??"]
[WhiteTeam "Zabo-Eintracht Nürnberg"]
[BlackTeam "ESV Gera"]

1. e4 e5 2. Nf3 Nc6 3. Be2 Nf6 4. Nc3 Bb4 5. O-O d6 6. d3 h6 7. h3 O-O 8. Nd5
Be6 9. Nxf6+ Qxf6 10. a3 Bc5 11. b4 Bb6 12. c3 Qg6 13. a4 a5 14. b5 Ne7 15. Nh4
Qh7 16. Nf3 f5 17. Bb2 fxe4 18. dxe4 Qxe4 19. Ra3 Qg6 20. g3 Qxg3+ 21. Kh1
Qxh3+ 22. Kg1 Rf6 23. Nh2 Rg6+ 24. Ng4 Bxg4 25. Bxg4 Rxg4+ 26. Qxg4 Qxg4+ 27.
Kh2 Rf8 28. f3 Rxf3 29. Rxf3 Qxf3 30. c4 Qf2+ 31. Kh3 Ng6 32. Bc1 Qf1+ 33. Kg3
Qxc1 34. Rb3 Qf4+ 35. Kh3 Qf2 36. Rc3 h5 37. Rg3 Nf4+ 38. Kh4 g5+ 39. Kxg5
Qxg3+ 40. Kf5 Qg6# 0-1

[Event "16. Sparkassen Open 2017 - Gruppe C"]
[Site "Forchheim"]
[Date "2017.09.30"]
[Round "3.30"]
[White "Englert, Lin"]
[Black "Leisterer, Elias"]
[Result "1-0"]
[WhiteElo "1298"]
[BlackElo "764"]
[PlyCount "105"]
[EventDate "2017.??.??"]
[WhiteTeam "TV-Großostheim"]
[BlackTeam "SC Forchheim"]

1. e4 e5 2. Nf3 Nc6 3. Bb5 Nf6 4. O-O Bb4 5. c3 Bc5 6. Bxc6 bxc6 7. Nxe5 d6 8.
Nf3 Bg4 9. h3 Bxf3 10. Qxf3 O-O 11. d4 Bb6 12. Bg5 h6 13. Bxf6 Qxf6 14. Qxf6
gxf6 15. Nd2 d5 16. a4 a5 17. Rad1 Rfe8 18. Rfe1 Rad8 19. exd5 cxd5 20. Nf3 c5
21. dxc5 Bxc5 22. Rxe8+ Rxe8 23. Rxd5 Ba3 24. bxa3 Rc8 25. Rxa5 Rxc3 26. Rf5
Rc1+ 27. Kh2 Rc6 28. Ra5 Rc3 29. Rf5 Rc6 30. Rh5 Kg7 31. Nd4 Rc4 32. Nf5+ Kg6
33. g4 Rxa4 34. Rxh6+ Kg5 35. Rh5+ Kg6 36. Ne3 Rxa3 37. Rf5 Ra6 38. h4 Rb6 39.
h5+ Kh6 40. Nd5 Rd6 41. Rxf6+ Rxf6 42. Nxf6 Kg5 43. Nd5 Kxg4 44. h6 Kg5 45. h7
f5 46. h8=Q Kg4 47. Qd4+ Kg5 48. Qg7+ Kh4 49. Qg3+ Kh5 50. Nf6+ Kh6 51. Ng8+
Kh5 52. Kh3 f4 53. Qg4# 1-0